000 00262nam a22001217a 4500
008 181207b xxu||||| |||| 00| 0 eng d
041 _aeng
080 _a510
100 _a38
101 _aMAT
245 _aBussiness Mathematics
_cBurton.S.K
942 _2udc
_cBK
999 _c52998
_d52998